Online Catalogue and eLibrary

Tamil Mahal (Record no. 6003)

MARC details
000 -LEADER
fixed length control field 00454nam a22001457a 4500
005 - DATE AND TIME OF LATEST TRANSACTION
control field 20250323165222.0
008 - FIXED-LENGTH DATA ELEMENTS--GENERAL INFORMATION
fixed length control field 250323b |||||||| |||| 00| 0 eng d
020 ## - INTERNATIONAL STANDARD BOOK NUMBER
ISBN 9789556595598
082 ## - DDC Classification
DDC Edition Number 22
Class No. 920
Item Number - Author Mark TAM
245 ## - TITLE STATEMENT
Title Tamil Mahal
Remainder of title Mangalamal maasilaamani
260 ## - PUBLICATION, DISTRIBUTION, ETC.
Place of publication, distribution, etc. Chennai
Name of publisher, distributor, etc. Kumaran Book House
Date of publication, distribution, etc. 2017
300 ## - PHYSICAL DESCRIPTION
Extent (e.g. Volumes, Pages etc.) 44 p .,
500 ## - GENERAL NOTE
General note Thirumathi mangalamaalin varalaaru, yalppana samugathil pengalukake avar seitha pani patriya aayvu
942 ## - Koha item type (Biblio)
Koha item type Books in Stacks (Lending)
Holdings
Lost status Damaged status Collection code Home library Current library Date acquired Full call number Accession Number Item type
    Lending WERC Library WERC Library 03/24/2025 920 TAM 7000 Books in Stacks (Lending)

© WERC Library